000 01077pam a2200289 a 4500
001 4380155
003 ARRUPE
005 20220407082121.0
008 911226s1993 nyu b 001 0 eng
010 _a 91038573
020 _a1557782733 :
_c$12.95
040 _aDLC
_cDLC
_dDLC
050 0 0 _aT14
_b.I3525 1993
082 0 0 _a601
_220
100 1 _aIhde, Don,
_d1934-
_99081
245 1 0 _aPhilosophy of technology :
_ban introduction /
_cDon Ihde.
250 _a1st ed.
260 _aNew York :
_bParagon House,
_c1993.
300 _axiii, 157 p. ;
_c23 cm.
440 0 _aParagon issues in philosophy
_924039
504 _aIncludes bibliographical references (p. [143]-149) and index.
650 0 _aTechnology
_xPhilosophy.
_913704
856 4 2 _3Contributor biographical information
_uhttp://www.loc.gov/catdir/enhancements/fy1213/91038573-b.html
906 _a7
_bcbc
_corignew
_d1
_eocip
_f19
_gy-gencatlg
942 _2lcc
_cMONOGRAPH
999 _c131264
_d131264